Dewatering by Subsurface Drains (Record no. 550986)

000 -LEADER
fixed length control field 00405nam a22001457a 4500
082 ## - DEWEY DECIMAL CLASSIFICATION NUMBER
Classification number P-176
100 ## - MAIN ENTRY--PERSONAL NAME
Personal name PC-Ahmad Munir Pawwar
9 (RLIN) 47887
245 ## - TITLE STATEMENT
Title Dewatering by Subsurface Drains
Statement of responsibility, etc. PC-Ahmad Munir Pawwar PC-Kashif Hussain
260 ## - PUBLICATION, DISTRIBUTION, ETC.
Place of publication, distribution, etc. Risalpur
Name of publisher, distributor, etc. MCE
Date of publication, distribution, etc. 13.03.2001
300 ## - PHYSICAL DESCRIPTION
Extent 85 p.:
526 ## - STUDY PROGRAM INFORMATION NOTE
Program name 0
Interest level 0
Reading level 0
Title point value P_176
650 ## - SUBJECT ADDED ENTRY--TOPICAL TERM
Topical term or geographic name entry element Project
700 ## - ADDED ENTRY--PERSONAL NAME
Personal name DS Lt Col Muhammad Jamil
9 (RLIN) 47888
942 ## - ADDED ENTRY ELEMENTS (KOHA)
Source of classification or shelving scheme
Koha item type Book
Holdings
Withdrawn status Lost status Source of classification or shelving scheme Damaged status Not for loan Permanent Location Current Location Date acquired Total Checkouts Full call number Barcode Date last seen Date last checked out Price effective from Koha item type Public note
          Military College of Engineering (MCE) Military College of Engineering (MCE) 11/28/2014 1 P-176 MCE-P-176 03/26/2015 03/26/2015 11/28/2014 Book Project
© 2023 Central Library, National University of Sciences and Technology. All Rights Reserved.